00676cam a2200181 i 4500020001800000020001500018041000800033082001700041100002500058245005600083260002300139300005400162650003300216942000700249952011000256952011100366999001700477 a9788184656039 a8184656033 aENG04a271.530bEZH1 aEzhakunnel, Francis,10aHuman resource management in the Society of Jesus : aDelhibISPCKc2017 ax, 198 pages :billustrations (black and white) ; 0aChurch personnel management. cBK 00104070aHMIbHMIcGENd2020-06-12eISPCKg225.00l0o271.530 EZHp11-4435r2020-06-12w2020-06-12yBK 00104070aHMIbHMIcGENd2020-06-12eISPCKg225.00l0o271.530 EZHp11004434r2026-01-16w2026-01-16yBK c22975d22975